Oeil et maladies - Statistiques

Statistiques générales
  • Ce quiz a été pris 110 fois
    63 depuis la dernière actualisation
  • Le résultat moyen est 13 sur 23
Statistiques - réponses
Question Réponse % Correct
L'abréviation DMLA signifie : Dégénérescence Maculaire Liée à l'Âge
92%
Un oeil ayant une difficulté à voir de loin tout en voyant bien de près est : Myope
86%
La maladie appelée cataracte est : Une opacification du cristallin
84%
La conjonctivite est généralement une maladie grave. Faux
82%
Une anomalie de courbure de la cornée entrainant une vision floue ou déformée de près comme de loin est appelée : Astigmatisme
80%
Une affection de la rétine généralement liée au diabète est appelée : Rétinopathie diabétique
80%
Il est possible de rester bloqué en louchant. Faux
78%
La difficulté à distinguer certaines couleurs appelée daltonisme est liée à : Une anomalie des récepteurs rétiniens
76%
A l'inverse, un oeil ayant une difficulté à voir de près tout en voyant bien de loin est : Hypermétrope
67%
La perte de souplesse du cristallin rendant l'accommodation difficile, généralement liée à l'âge est appelée : Presbytie
65%
Une affection de la rétine liée à un regard excessivement prolongé vers le soleil s'appelle : Rétinopathie solaire
61%
La dégradation du nerf optique liée à une augmentation progressive de la pression intra-oculaire est appelée Glaucome à angle ouvert
55%
La DMLA se manifeste par Une baisse de vision centrale
55%
Un oeil capable de voir sans difficulté ni anomalie est qualifié de : Emmétrope
51%
La DMLA humide consiste en : La croissance de vaisseaux sanguins anormaux sous la rétine
49%
Un glaucome est nécessairement lié à une pression intraoculaire excessive. Faux
45%
Une de ces maladies se traite grâce à des injections d'anti-VEGF dans les yeux : DMLA exsudative (DMLA humide)
43%
Le glaucome chronique (ou glaucome à angle ouvert) est une urgence. Faux
43%
Une excavation du nerf optique peut entrainer : Un glaucome
43%
L'exposition au soleil n'a pas ou très peu d'incidence sur l'apparition : D'un glaucome
37%
Concrètement, qu'est-ce qu'un glaucome ? Une altération du nerf optique
35%
Une inflammation de l'oeil souvent douloureuse et pouvant altérer la vision voire conduire à la cécité si elle n'est pas traitée est une : Kératite
22%
Lire ou regarder un écran dans le noir abîme les yeux. Faux
12%
Aucun quiz correspondant
Distribution des résultats
% des personnes avec chaque résultat
Percentile par nombre de réponses
Votre historique - résultats
Vous n’avez pas pris ce quiz depuis la dernière actualisation